000 00496nam a2200193Ia 4500
005 20260429112250.0
008 260429s9999||||xx |||||||||||||| ||und||
020 _a9783031285738
041 _aEnglish
082 _a515.0285
_bPRA
100 _aPraff, Thomas J.
245 0 _aApplied calculus with R /
_cThomas J. Praff
250 _a1st ed.
260 _aSwitzerland :
_bSpringer,
_c2023.
300 _axiv, 532 p.; pbk
650 _a R programming
650 _aCalculus
942 _cTB
999 _c53210
_d53210